000 00302nam a2200133Ia 4500
100 _aGonzalez/Rafael C
942 _cBK
654 _adigital
245 _aDigital Image Processing using MATLAB
260 _bPearson Edu
_aMumbai
_c2004
082 _a621.367
_bGON
300 _a609
546 _aENGLISH
999 _c20357
_d20357